000 00578nam a2200205Ia 4500
999 _c38855
_d38855
003 OSt
005 20210510132232.0
008 160316s1962 xxu||||| |||| 00| 0 eng d
020 _a9780844600970
040 _cn
082 _a342.730290
_bFRA
100 _aFrankfurter Felix
245 _aLaw and politics : Occasional papers of Felix Frankfurter 1913 - 1938
260 _aNew York
_bCapricorn Books
_c1962
300 _a352p
365 _b Gratis
650 _a1. Politics & Government - U S A2. Constitutional Law - Supreme Court
700 _a
_a
942 _2ddc
_cBK